00317nam a22001217a 4500008004100000020001800041082001700059100002000076245004700096260002500143300001000168700001700178230607b xxu||||| |||| 00| 0 eng d a9789056179557 a364.151bHUY cLuc Huysed2009 aAll Things pass Except The PastcLuc Huyse aBelgiumbAwepac2009 a207 p cVan Halewyck